Aprender a generar ideas : innovar mediante la creatividad /
Este libro presenta métodos y técnicas para fomentar el pensamiento creativo. Según su autor, la única ventaja competitiva del ser humano es su capacidad de aprender con rapidez y su habilidad para generar ideas de manera sistemática. A su vez, aborda la cuestión de cómo gestionar el capital intelec...
Gardado en:
| Autor Principal: | |
|---|---|
| Formato: | Libro |
| Idioma: | Lingua castelá |
| Publicado: |
Barcelona, España :
Paidós,
2001, c2001
|
| Series: | (Paidós Aprender ;
5) |
| Temas: | |
| Etiquetas: |
Sen Etiquetas, Sexa o primeiro en etiquetar este rexistro!
|
MARC
| LEADER | 00000nam^a2200000^a^4500 | ||
|---|---|---|---|
| 001 | 000158095 | ||
| 005 | 20250521000000.0 | ||
| 009 | 20260310100600.14 | ||
| 020 | |a 84-493-1057-1 | ||
| 037 | |a Acervo ITESO - Biblioteca | ||
| 041 | |a ESP | ||
| 082 | |a 658. 314 |b GAL | ||
| 100 | |a Gallego Reinoso, Fabio |e (autor) | ||
| 245 | 1 | 0 | |a Aprender a generar ideas : |b innovar mediante la creatividad / |c F. Gallego Reinoso. |
| 264 | 4 | |a Barcelona, España : |b Paidós, |c 2001, c2001 | |
| 300 | |a 157 p. | ||
| 336 | |a texto |b txt |2 rdacontenido | ||
| 337 | |a sin mediación |b n |2 rdamedio | ||
| 338 | |a volumen |b nc |2 rdasoporte | ||
| 440 | 1 | |a (Paidós Aprender ; |v 5) | |
| 520 | |a Este libro presenta métodos y técnicas para fomentar el pensamiento creativo. Según su autor, la única ventaja competitiva del ser humano es su capacidad de aprender con rapidez y su habilidad para generar ideas de manera sistemática. A su vez, aborda la cuestión de cómo gestionar el capital intelectual y el aprendizaje, con el fin de producir innovación. | ||
| 649 | |a XX | ||
| 650 | |a Empresas - |x Administración | ||
| 650 | |a Creatividad | ||
| 650 | |a Trabajo en Equipo | ||
| 650 | |a Recursos Humanos | ||
| 650 | |a Toma de Decisiones | ||
| 650 | |a Solución de Problemas | ||
| 650 | |a Desarrollo Organizacional | ||
| 650 | |a Comportamiento Organizacional | ||
| 650 | |a Organización Administrativa | ||
| 650 | |a Proceso Administrativo | ||
| 650 | |a Administración | ||
| 910 | |a Fondo General | ||
| 920 | |a Impresos - Libros | ||
| 930 | |a Colección General | ||
| 905 | |a 101 | ||
| 901 | |a 0500089779 |b IT1 |c ACC |u 20250521 | ||
| 901 | |a 0500094412 |b IT1 |c ACC |u 20250521 | ||
| 902 | |a https://opac.biblio.iteso.mx/vufind/Record/000158095 | ||